| 000 | 01352nam a2200349 a 4500 | ||
|---|---|---|---|
| 001 | 000111384 | ||
| 003 | CHAP | ||
| 005 | 20220329144209.0 | ||
| 008 | 150406s2015 mx sm |||||||spa d | ||
| 010 | _a107846 | ||
| 011 | _a108818 | ||
| 040 | _cCHAP | ||
| 090 | _aTesis | ||
| 100 | 1 |
_aValladares Huerta, Luis Antonio _9117563 |
|
| 245 | 1 | 0 |
_aEvaluación financiera de una estrategia de gestión de la innovación de un sistema de producción de bovinos de doble propósito _h[En línea] _cpor Luis Antonio Valladares Huerta. |
| 260 |
_aChapingo, Méx. : _bEl autor, _c2015. |
||
| 500 | _aPara ver el contenido del material haga clic en la liga | ||
| 502 | _aTesis (M. C. en Estrategia Agroempresarial) -- UACH. Departamento de CIESTAAM. | ||
| 590 |
_aE5765TAJ _b05 _c20150406 _lUCH01 _h1134 |
||
| 590 |
_aE5765TAJ _b05 _c20150406 _lUCH01 _h1135 |
||
| 590 |
_aE5765TAJ _b05 _c20150414 _lUCH01 _h0947 |
||
| 650 | 1 | 4 |
_aFinanzas _xEvaluación. _940940 |
| 650 | 1 | 4 |
_aGanado lechero _xProducción. _945288 |
| 650 | 1 | 4 |
_aGanado vacuno _xAspectos económicos. _945436 |
| 650 | 1 | 4 |
_aGanado vacuno _xCostos de producción. _945449 |
| 650 | 1 | 4 |
_aGanado vacuno _xMercadeo. _945481 |
| 650 | 1 | 4 |
_aProyectos _xFinanciamiento. _992526 |
| 856 |
_aFinding aid _uhttp://10.13.5.2/tesis/sist111384.pdf _zTeclea aquí |
||
| 901 | _aBK | ||
| 942 | _cTESIS | ||
| 942 | _n0 | ||
| 999 |
_c107846 _d107846 |
||